Statistics for 2017 Formula 1 drivers' standings

Click here to take the quiz!

General Stats

  • This quiz has been taken 148 times
  • The average score is 15 of 25

Answer Stats

Pos.NamePts% Correct
1Lewis Hamilton363
100%
2Sebastian Vettel317
100%
3Valtteri Bottas305
99%
4Kimi Räikkönen205
95%
5Daniel Ricciardo200
92%
6Max Verstappen168
91%
7Sergio Pérez100
81%
8Esteban Ocon87
69%
12Lance Stroll40
58%
10Nico Hülkenberg43
58%
9Carlos Sainz, Jr.54
57%
11Felipe Massa43
56%
15Fernando Alonso17
56%
14Kevin Magnussen19
56%
13Romain Grosjean28
56%
19Daniil Kvyat5
48%
16Stoffel Vandoorne13
45%
20Marcus Ericsson0
44%
17Jolyon Palmer8
41%
18Pascal Wehrlein5
39%
21Pierre Gasly0
39%
Jenson Button0
38%
23Brendon Hartley0
37%
Paul di Resta0
31%
22Antonio Giovinazzi0
30%

Score Distribution

Percentile by Number Answered

Percent of People with Each Score

Your Score History

You have not taken this quiz